<?xml version="1.0" encoding="UTF-8"?>
<record
    xmlns:xsi="http://www.w3.org/2001/XMLSchema-instance"
    xsi:schemaLocation="http://www.loc.gov/MARC21/slim http://www.loc.gov/standards/marcxml/schema/MARC21slim.xsd"
    xmlns="http://www.loc.gov/MARC21/slim">

  <leader>01123nam a22002657a 4500</leader>
  <controlfield tag="005">20170124102932.0</controlfield>
  <datafield tag="010" ind1=" " ind2=" ">
    <subfield code="a">A-295208</subfield>
  </datafield>
  <datafield tag="020" ind1=" " ind2=" ">
    <subfield code="c">150.00</subfield>
  </datafield>
  <datafield tag="035" ind1=" " ind2=" ">
    <subfield code="a">A-295208</subfield>
  </datafield>
  <datafield tag="037" ind1=" " ind2=" ">
    <subfield code="b">Cen Lib/Ret</subfield>
  </datafield>
  <datafield tag="040" ind1=" " ind2=" ">
    <subfield code="a">DPL</subfield>
    <subfield code="b">HN</subfield>
  </datafield>
  <datafield tag="082" ind1=" " ind2=" ">
    <subfield code="a">821.08</subfield>
    <subfield code="b">&#x935;&#x93F;&#x926;&#x94D;&#x92F;&#x93E;&#x930;&#x93E; </subfield>
  </datafield>
  <datafield tag="100" ind1=" " ind2=" ">
    <subfield code="a">&#x935;&#x93F;&#x926;&#x94D;&#x92F;&#x93E; </subfield>
    <subfield code="9">500</subfield>
  </datafield>
  <datafield tag="245" ind1=" " ind2=" ">
    <subfield code="a">&#x930;&#x93E;&#x92E; &#x915;&#x93E;&#x935;&#x94D;&#x92F;&#x94B;&#x902; &#x92E;&#x947;&#x902; &#x928;&#x93E;&#x930;&#x940; /</subfield>
    <subfield code="c">&#x935;&#x93F;&#x926;&#x94D;&#x92F;&#x93E; </subfield>
  </datafield>
  <datafield tag="246" ind1=" " ind2=" ">
    <subfield code="a">Ram kavvyoan men nari /</subfield>
    <subfield code="b">by Vidhya </subfield>
  </datafield>
  <datafield tag="260" ind1=" " ind2=" ">
    <subfield code="a">&#x928;&#x92F;&#x940; &#x926;&#x93F;&#x932;&#x94D;&#x932;&#x940; </subfield>
    <subfield code="b">&#x92A;&#x94D;&#x930;&#x915;&#x93E;&#x936;&#x928; &#x938;&#x902;&#x938;&#x94D;&#x925;&#x93E;&#x928; </subfield>
    <subfield code="c">1985</subfield>
  </datafield>
  <datafield tag="270" ind1=" " ind2=" ">
    <subfield code="a">&#x96A;&#x96D;&#x967;&#x96B;/&#x968;&#x967;, &#x926;&#x92F;&#x94D;&#x928;&#x902;&#x926; &#x92E;&#x93E;&#x930;&#x94D;&#x917;, &#x926;&#x930;&#x93F;&#x92F;&#x93E; &#x917;&#x902;&#x91C; </subfield>
    <subfield code="b">&#x928;&#x92F;&#x940; &#x926;&#x93F;&#x932;&#x94D;&#x932;&#x940; </subfield>
    <subfield code="e">110002</subfield>
  </datafield>
  <datafield tag="300" ind1=" " ind2=" ">
    <subfield code="a">xiii, 380&#x92A;&#x943;. </subfield>
    <subfield code="c">19&#x938;&#x947;&#x92E;&#x940; (&#x938;&#x91C;&#x93F;&#x932;&#x94D;&#x926;)</subfield>
  </datafield>
  <datafield tag="500" ind1=" " ind2=" ">
    <subfield code="a">&#x938;&#x928;&#x94D;&#x926;&#x930;&#x94D;&#x92D; &#x938;&#x942;&#x91A;&#x940; &#x936;&#x93E;&#x92E;&#x93F;&#x932; </subfield>
  </datafield>
  <datafield tag="650" ind1=" " ind2=" ">
    <subfield code="a">&#x939;&#x93F;&#x928;&#x94D;&#x926;&#x940; &#x938;&#x93E;&#x939;&#x93F;&#x924;&#x94D;&#x92F; </subfield>
    <subfield code="9">45245</subfield>
  </datafield>
  <datafield tag="650" ind1=" " ind2=" ">
    <subfield code="a">&#x930;&#x93E;&#x92E; &#x938;&#x902;&#x92C;&#x902;&#x927;&#x940; &#x92E;&#x939;&#x93E;&#x915;&#x93E;&#x935;&#x94D;&#x92F; </subfield>
    <subfield code="9">45246</subfield>
  </datafield>
  <datafield tag="650" ind1=" " ind2=" ">
    <subfield code="a">Hindi literature</subfield>
    <subfield code="9">45247</subfield>
  </datafield>
  <datafield tag="650" ind1=" " ind2=" ">
    <subfield code="a">Epic of Rama</subfield>
    <subfield code="9">45248</subfield>
  </datafield>
  <datafield tag="942" ind1=" " ind2=" ">
    <subfield code="2">ddc</subfield>
    <subfield code="c">HN</subfield>
    <subfield code="h">821.08</subfield>
    <subfield code="m">&#x935;&#x93F;&#x926;&#x94D;&#x92F;&#x93E;&#x930;&#x93E; </subfield>
  </datafield>
  <datafield tag="999" ind1=" " ind2=" ">
    <subfield code="c">111961</subfield>
    <subfield code="d">111961</subfield>
  </datafield>
  <datafield tag="952" ind1=" " ind2=" ">
    <subfield code="0">0</subfield>
    <subfield code="1">0</subfield>
    <subfield code="4">0</subfield>
    <subfield code="7">0</subfield>
    <subfield code="a">L</subfield>
    <subfield code="b">L</subfield>
    <subfield code="d">2015-08-06</subfield>
    <subfield code="e">Cen Lib/Ret</subfield>
    <subfield code="g">150.00</subfield>
    <subfield code="l">1</subfield>
    <subfield code="o">821.08 &#x935;&#x93F;&#x926;&#x94D;&#x92F;&#x93E;&#x930;&#x93E;</subfield>
    <subfield code="p">A-295208</subfield>
    <subfield code="r">2018-06-18 00:00:00</subfield>
    <subfield code="s">2018-06-11</subfield>
    <subfield code="t">1</subfield>
    <subfield code="v">150.00</subfield>
    <subfield code="w">2015-08-06</subfield>
    <subfield code="y">HN</subfield>
  </datafield>
</record>
